[Event "Let's Play Chess!"]
[Site "http://www.queenalice.com/game.php?id=808589"]
[Date "2010.7.25"]
[Round "-"]
[White "kisarsk"]
[Black "jumanjii"]
[Result "0-1"]
[WhiteElo "1517"]
[BlackElo "1377"]

1. d4 Nf6 2. e3 d5 3. Nc3 e6 4. g3 Bd6 5. Bb5+ c6 6. Nf3 cxb5 7. Nxb5 Qa5+ 8.
Nc3 O-O 9. Bd2 Qa6 10. Ng5 Bd7 11. h4 Nc6 12. a4 Nb4 13. Ra3 Rfe8 14. Nb5 Bxb5
15. a5 Nc6 16. Nf3 Bxa3 17. bxa3 Nxa5 18. Ne5 Rac8 19. c3 Nc6 20. h5 Nxe5 21.
dxe5 Ne4 22. Bc1 Nxc3 23. Qg4 Ne4 24. Bb2 Rc1+ 25. Bxc1 Qa5+ 26. Bd2 Qxd2# 0-1

[Event "Let's Play Chess!"]
[Site "http://www.queenalice.com/game.php?id=808590"]
[Date "2010.7.25"]
[Round "-"]
[White "jumanjii"]
[Black "GBS"]
[Result "1-0"]
[WhiteElo "1642"]
[BlackElo "1255"]

1. d4 d5 2. c4 dxc4 3. Nf3 e6 4. e3 Bb4+ 5. Bd2 Bxd2+ 6. Nbxd2 b5 7. a4 c6 8.
axb5 cxb5 9. b3 c3 10. Bxb5+ Bd7 11. Bxd7+ Nxd7 12. Ne4 Qb6 13. Nxc3 Qb4 14. Qc2
Rc8 15. Rc1 Ngf6 16. Nd2 Nd5 17. Ndb1 Rc7 18. O-O f5 19. Nxd5 Rxc2 20. Nxb4 Rxc1
21. Rxc1 Ke7 22. Nc6+ Kf7 23. Nxa7 Ra8 24. Rc7 Ke7 25. Kf1 Rb8 26. Nc6+ Kd6 27.
Nxb8 Kxc7 28. Nxd7 Kxd7 29. Ke2 Ke7 30. Kd3 Kf6 31. b4 1-0

[Event "Let's Play Chess!"]
[Site "http://www.queenalice.com/game.php?id=808591"]
[Date "2010.7.25"]
[Round "-"]
[White "jumanjii"]
[Black "Demig"]
[Result "1-0"]
[WhiteElo "1467"]
[BlackElo "1474"]

1. d4 d5 2. c4 e6 3. cxd5 Qxd5 4. Nc3 Qa5 5. e4 Bb4 6. Bd2 Nc6 7. d5 Nd4 8. a3
Qc5 9. axb4 Qxb4 10. Nb5 Qc5 11. Rc1 Qe7 12. Nxc7+ Qxc7 13. Rxc7 exd5 14. Qa4+
Nc6 15. exd5 Ne7 16. dxc6 Nxc6 17. Rxc6 Kd8 18. Rd6+ Kc7 19. Bf4 Re8+ 20. Re6+
1-0

[Event "Let's Play Chess!"]
[Site "http://www.queenalice.com/game.php?id=808592"]
[Date "2010.7.25"]
[Round "-"]
[White "jumanjii"]
[Black "alecar96pp"]
[Result "1-0"]
[WhiteElo "1483"]
[BlackElo "1892"]

1. d4 Nf6 2. c4 e6 3. Nc3 Bb4 4. a3 Bxc3+ 5. bxc3 O-O 6. e3 b6 7. Be2 Bb7 8. Nf3
d6 9. O-O Nbd7 10. Nd2 c5 11. Bb2 Qc7 12. Qc2 Rac8 13. f4 cxd4 14. cxd4 d5 15.
Rac1 Ba6 16. a4 dxc4 17. Nxc4 Nd5 18. Qd2 Bxc4 19. Bxc4 Qb7 20. e4 N5f6 21. d5
exd5 22. exd5 Rfd8 23. Rfd1 Rc7 24. d6 Rcc8 25. Bb5 a6 26. Rc7 Qa8 27. Bc6 Qb8
28. Bxf6 Nxf6 29. Bb7 1-0

[Event "Let's Play Chess!"]
[Site "http://www.queenalice.com/game.php?id=808593"]
[Date "2010.7.25"]
[Round "-"]
[White "jumanjii"]
[Black "alecar96pp"]
[Result "1-0"]
[WhiteElo "1513"]
[BlackElo "1892"]

1. d4 Nf6 2. c4 e6 3. Nc3 Bb4 4. e3 c5 5. Nf3 b6 6. Bd3 Bb7 7. O-O O-O 8. Na4
cxd4 9. exd4 d5 10. c5 bxc5 11. Nxc5 Bxc5 12. dxc5 Nbd7 13. b4 a5 14. Bd2 axb4
15. Bxb4 Qc7 16. c6 Bxc6 17. Bxf8 Rxf8 18. Qc2 Rc8 19. a4 Qa5 20. Rfc1 Nb6 21.
Qd2 Qa8 22. a5 Nbd7 23. Nd4 h6 24. a6 Ne5 25. a7 Nxd3 26. Rxc6 Rd8 27. Qxd3 e5
28. Nf5 g6 29. Rxf6 1-0

[Event "Let's Play Chess!"]
[Site "http://www.queenalice.com/game.php?id=808594"]
[Date "2010.7.26"]
[Round "-"]
[White "jumanjii"]
[Black "lafasouza"]
[Result "1-0"]
[WhiteElo "1576"]
[BlackElo "1866"]

1. d4 d5 2. c4 e6 3. Nc3 Nc6 4. cxd5 exd5 5. Nf3 Bb4 6. e3 Nf6 7. Bd3 Bg4 8. h3
Bxc3+ 9. bxc3 Bxf3 10. Qxf3 a6 11. Ba3 b5 12. O-O Qb8 13. e4 b4 14. e5 Ne4 15.
Bxe4 dxe4 16. Qxe4 bxa3 17. Qxc6+ Kd8 18. Rfe1 Qb6 19. Qxa8+ Ke7 20. Qxh8 Qg6
21. Qb8 Qc6 22. Qb4+ Kd7 23. d5 Qb6 24. Qxa3 Ke8 25. Rab1 Qa7 26. Qa4+ Kd8 27.
e6 fxe6 28. Qh4+ Kd7 29. dxe6+ Kd6 30. Qd8+ Kc6 31. Qd7+ Kc5 32. Re5+ Kc4 33.
Rb3 a5 34. Qb5# 1-0

[Event "Let's Play Chess!"]
[Site "http://www.queenalice.com/game.php?id=808596"]
[Date "2010.7.25"]
[Round "-"]
[White "spawnwolfwolverine"]
[Black "jumanjii"]
[Result "1-0"]
[WhiteElo "1510"]
[BlackElo "1448"]

1. d4 Nf6 2. e3 e6 3. g3 d5 4. Bg2 Bd6 5. Ne2 O-O 6. O-O Re8 7. b3 Nbd7 8. Bb2
c5 9. c4 cxd4 10. Bxd4 e5 11. Bc3 e4 12. Nd2 Nb6 13. Bxf6 Qxf6 14. cxd5 1-0

[Event "Let's Play Chess!"]
[Site "http://www.queenalice.com/game.php?id=808597"]
[Date "2010.7.25"]
[Round "-"]
[White "Piazzolero"]
[Black "jumanjii"]
[Result "0-1"]
[WhiteElo "1491"]
[BlackElo "1598"]

1. d4 Nf6 2. e3 d5 3. Nc3 e6 4. Bb5+ c6 5. Ba4 Bd6 6. Nf3 O-O 7. O-O Nbd7 8. e4
Nxe4 9. Nd2 Nxc3 10. bxc3 Qa5 0-1

[Event "Let's Play Chess!"]
[Site "http://www.queenalice.com/game.php?id=808598"]
[Date "2010.7.25"]
[Round "-"]
[White "jumanjii"]
[Black "alecar96pp"]
[Result "1-0"]
[WhiteElo "1418"]
[BlackElo "1888"]

1. d4 Nf6 2. c4 e6 3. Nc3 Bb4 4. e3 O-O 5. Nf3 b6 6. Bd3 Bb7 7. O-O c5 8. Na4
cxd4 9. exd4 d5 10. a3 Be7 11. c5 bxc5 12. Nxc5 Bxc5 13. dxc5 Nbd7 14. b4 a5 15.
Bb2 Qc7 16. Qe2 Rfb8 17. Nd4 axb4 18. axb4 Bc6 19. b5 Rxa1 20. Rxa1 Nxc5 21.
Nxc6 Nxd3 22. Bxf6 Nf4 23. Qe5 1-0

[Event "Let's Play Chess!"]
[Site "http://www.queenalice.com/game.php?id=808599"]
[Date "2010.7.25"]
[Round "-"]
[White "jumanjii"]
[Black "spawnwolfwolverine"]
[Result "1-0"]
[WhiteElo "1434"]
[BlackElo "1546"]

1. d4 d5 2. c4 dxc4 3. Nf3 e6 4. e3 Bd6 5. Bxc4 Nf6 6. O-O O-O 7. Nc3 c6 8. e4
b5 9. Bd3 a5 10. e5 Bb4 11. exf6 Bxc3 12. fxg7 Kxg7 13. bxc3 Ba6 14. Ng5 h5 15.
Qxh5 f5 16. Qh7+ Kf6 17. Qh6+ Ke7 18. Qxe6# 1-0

[Event "Let's Play Chess!"]
[Site "http://www.queenalice.com/game.php?id=808600"]
[Date "2010.7.25"]
[Round "-"]
[White "jumanjii"]
[Black "horsemen"]
[Result "1-0"]
[WhiteElo "1454"]
[BlackElo "1379"]

1. d4 c6 2. c4 d5 3. Nc3 e6 4. Nf3 g6 5. cxd5 cxd5 6. e3 Bb4 7. Bd3 Qa5 8. Bd2
Nf6 9. a3 Bd6 10. Ne4 Qd8 11. Bb5+ Bd7 12. Nxd6+ Ke7 13. Bb4 Nc6 14. Nf5+ Ke8
15. Ng7# 1-0

[Event "Challenge"]
[Site "http://www.queenalice.com/game.php?id=815247"]
[Date "2010.8.8"]
[Round "-"]
[White "jumanjii"]
[Black "Martial"]
[Result "1-0"]
[WhiteElo "1644"]
[BlackElo "1536"]

1. d4 d5 2. c4 Nc6 3. e3 Nf6 4. Nf3 a6 5. cxd5 Qxd5 6. Nc3 Qa5 7. Bd2 b5 8. Nxb5
Qb6 9. Nc3 Qxb2 10. Bc4 e6 11. O-O Bb4 12. Na4 O-O 13. Nxb2 Ne4 14. a3 Bc3 15.
Bxc3 Nxc3 16. Qc2 Nd5 17. Bxd5 exd5 18. Qxc6 Be6 19. Na4 Rfc8 20. Nc5 h5 21.
Nxe6 fxe6 22. Qxe6+ Kh7 23. Ng5+ Kh8 24. Qxd5 Rf8 25. Rac1 Rac8 26. Nf7+ Kh7 27.
Qxh5+ Kg8 28. Ng5 Rf6 29. Qh7+ Kf8 30. Qh8+ Ke7 31. Qxc8 g6 32. Rxc7+ Kd6 33.
Qd7# 1-0

[Event "Let's Play Chess!"]
[Site "http://www.queenalice.com/game.php?id=815696"]
[Date "2010.8.9"]
[Round "-"]
[White "TheRealHousekeeper"]
[Black "jumanjii"]
[Result "1-0"]
[WhiteElo "2000"]
[BlackElo "1600"]

1. e4 e6 2. d4 d5 3. Nd2 c5 4. exd5 exd5 5. Ngf3 Nf6 6. Bb5+ Bd7 7. Bxd7+ Nbxd7
8. O-O Be7 9. dxc5 Nxc5 10. Nb3 Nxb3 11. axb3 O-O 12. Be3 Re8 13. Ra4 1-0

[Event "Let's Play Chess!"]
[Site "http://www.queenalice.com/game.php?id=815700"]
[Date "2010.8.9"]
[Round "-"]
[White "jumanjii"]
[Black "Seneca"]
[Result "0-1"]
[WhiteElo "1602"]
[BlackElo "1976"]

1. d4 d5 2. c4 e5 3. e3 exd4 4. Qxd4 Nf6 5. cxd5 Qxd5 6. Nc3 Qxd4 7. exd4 Bb4 8.
Bd3 O-O 9. Ne2 Rd8 10. O-O c5 11. a3 Ba5 0-1

[Event "Let's Play Chess!"]
[Site "http://www.queenalice.com/game.php?id=815701"]
[Date "2010.8.9"]
[Round "-"]
[White "jumanjii"]
[Black "Seneca"]
[Result "0-1"]
[WhiteElo "1604"]
[BlackElo "1974"]

1. d4 d5 2. c4 e5 3. dxe5 d4 4. Nf3 Nc6 5. Bf4 Nge7 6. Bg3 Ng6 7. h4 h5 8. Nbd2
Bf5 9. Qb3 Qd7 10. e6 fxe6 11. Qxb7 Rb8 12. Qxc7 Qxc7 13. Bxc7 Rxb2 0-1

[Event "Let's Play Chess!"]
[Site "http://www.queenalice.com/game.php?id=832187"]
[Date "2010.9.13"]
[Round "-"]
[White "Panzer85"]
[Black "jumanjii"]
[Result "0-1"]
[WhiteElo "1672"]
[BlackElo "1688"]

1. e4 e6 2. d4 d5 3. e5 c5 4. c3 Nc6 5. Nf3 Qb6 6. a3 Bd7 7. b4 cxd4 8. cxd4 Rc8
9. Be3 f6 10. Bd3 Nce7 11. O-O Bb5 12. Bxb5+ Qxb5 13. Qd2 Qc4 14. Rc1 Qxc1+ 15.
Qxc1 Rxc1+ 16. Bxc1 Ng6 17. h3 N8e7 18. Nc3 fxe5 19. dxe5 Nc6 20. Nb5 Kd7 21.
Bb2 a6 22. Nbd4 Be7 23. Nxc6 bxc6 24. a4 Bxb4 25. g3 Rf8 26. Ng5 h6 27. Nh7 Rh8
28. Nf6+ gxf6 29. exf6 Rf8 30. h4 h5 31. f3 e5 32. f4 Ke6 33. fxe5 Nxe5 34. Bxe5
Kxe5 35. Rb1 c5 36. Kg2 Rxf6 0-1

[Event "Let's Play Chess!"]
[Site "http://www.queenalice.com/game.php?id=832188"]
[Date "2010.9.13"]
[Round "-"]
[White "jumanjii"]
[Black "Panzer85"]
[Result "1-0"]
[WhiteElo "1656"]
[BlackElo "1696"]

1. d4 d5 2. c4 e6 3. Nc3 Nf6 4. Bg5 Be7 5. e3 O-O 6. Nf3 Nbd7 7. cxd5 exd5 8. h3
Ne4 9. Bxe7 Qxe7 10. Nxd5 Qd6 11. Qb3 c6 12. Nc3 Ndf6 13. Bd3 Nxc3 14. Qxc3 Nd5
15. Qc5 Qxc5 16. dxc5 Re8 17. a3 Nf4 18. Bc2 h6 19. O-O Nd5 20. b4 f6 21. Nd4 a5
22. b5 cxb5 23. Bb3 Be6 24. Nxe6 Rac8 25. Bxd5 1-0

[Event "Let's Play Chess!"]
[Site "http://www.queenalice.com/game.php?id=835375"]
[Date "2010.9.20"]
[Round "-"]
[White "elche"]
[Black "jumanjii"]
[Result "1-0"]
[WhiteElo "1797"]
[BlackElo "1725"]

1. e4 e6 2. d4 d5 3. exd5 exd5 4. Nf3 Bd6 5. Bg5 f6 6. Qe2+ Qe7 7. Bh4 Bg4 8.
Qxe7+ Nxe7 9. Be2 Bxf3 10. Bxf3 Nf5 11. Bg3 Nxd4 12. Bd1 Bxg3 13. hxg3 O-O 14.
O-O Re8 15. c3 Ne2+ 16. Bxe2 Rxe2 17. b3 c5 18. Na3 Nc6 19. Nb5 Rd8 20. Rfe1
Rxe1+ 21. Rxe1 d4 22. cxd4 cxd4 23. a3 a6 24. Nc7 1-0